书目信息 |
| 题名: |
家用空调器电路图集
|
|
| 作者: | 李双燕 , 孙雅欣 编 | |
| 分册: | ||
| 出版信息: | 南京 江苏科学技术出版社 2004.01 |
|
| 页数: | 448页 | |
| 开本: | 19×26cm | |
| 丛书名: | ||
| 单 册: | ||
| 中图分类: | TM925.12-64 | |
| 科图分类: | ||
| 主题词: | 空气调节器--电路图--图集 | |
| 电子资源: | ||
| ISBN: | 7-5345-4042-9 | |
| 000 | 00824nam0 2200229 450 | |
| 001 | 0140906118 | |
| 005 | 20061010160649.82 | |
| 010 | @a7-5345-4042-9@dCNY45.00 | |
| 100 | @a20060119d2004 km y0chiy0120 ea | |
| 101 | 0 | @achi |
| 102 | @aCN@b320000 | |
| 105 | @aa z 000yy | |
| 200 | 1 | @a家用空调器电路图集@AJia Yong Kong Diao Qi Dian Lu Tu Ji@f李双燕, 孙雅欣编@Fli shuang yan,sun ya xin bian |
| 210 | @a南京@c江苏科学技术出版社@d2004.01 | |
| 215 | @a448页@c图@d19×26cm | |
| 330 | @a本书精选了海尔、海信、格力、科龙等国内外三十多个品牌、三百多个机型的空调器电路图,并经加工、整理,电路直观明了,方便维修者使用。 | |
| 606 | 0 | @a空气调节器@x电路图@x图集 |
| 690 | @aTM925.12-64@v4 | |
| 701 | 0 | @a李双燕@Ali shuang yan@4编 |
| 701 | 0 | @a孙雅欣@Asun ya xin@4编 |
| 801 | 0 | @aCN@c20061010 |
| 905 | @a10447@dTM925.12-64@eL268 | |
| 家用空调器电路图集/李双燕, 孙雅欣编.-南京:江苏科学技术出版社,2004.01 |
| 448页:图;19×26cm |
| ISBN 7-5345-4042-9:CNY45.00 |
| 本书精选了海尔、海信、格力、科龙等国内外三十多个品牌、三百多个机型的空调器电路图,并经加工、整理,电路直观明了,方便维修者使用。 |
| ● |
| 相关链接 |
|
|
|
正题名:家用空调器电路图集
索取号:TM925.12-64/L268
 
预约/预借
| 序号 | 登录号 | 条形码 | 馆藏地/架位号 | 状态 | 备注 |
| 1 | 579869 | 205798699 | 自科二线504/504自科库 11排1列5层/ [索取号:TM925.12-64/L268] | 在馆 | |
| 2 | 579870 | 205798706 | 自科库301/ [索取号:TM925.12-64/L268] | 在馆 | |
| 3 | 608889 | 206088892 | 自科库301/301自科库 21排4列1层/ [索取号:TM925.12-64/L268] | 在馆 | |
| 4 | 608890 | 206088909 | 自科库301/301自科库 21排4列1层/ [索取号:TM925.12-64/L268] | 在馆 | |
| 5 | 608891 | 206088918 | 自科二线404/301自科库 15排1列3层/ [索取号:TM925.12-64/L268] | 在馆 |